|
|
|
|
| LEADER |
01350nam a22002777a 4500 |
| 001 |
36317 |
| 003 |
BD-DhAAL |
| 005 |
20211206155503.0 |
| 008 |
211027t1993 bg a|||| |||| 00| 0 ben d |
| 999 |
|
|
|c 43280
|d 43280
|
| 041 |
|
|
|a ben
|
| 082 |
|
|
|2 20
|a 306.0895492
|
| 100 |
|
|
|a হানাফী, জাফার আহমাদ
|9 42248
|
| 245 |
|
|
|a উপজাতীয় নন্দন সংস্কৃতি /
|c জাফার আহমাদ হানাফী
|
| 246 |
|
|
|a Upajatio namdan sanascriti
|
| 260 |
|
|
|a ঢাকা :
|b বাংলাদেশ শিল্পকলা একাডেমী,
|c ১৯৯৩
|
| 300 |
|
|
|a ২৫৮ পৃষ্ঠা :
|b চিএ ;
|c ২১ সে.মি.
|
| 500 |
|
|
|a A Study of essays on an anthropological tribal life culture literature and handicrafts.
|
| 526 |
|
|
|a BIED
|
| 541 |
|
|
|a Complimentary copy from BIED
|e 36317
|
| 650 |
|
|
|a Indigenous peoples
|z Bangladesh.
|9 42249
|
| 651 |
|
|
|a Bangladesh
|x Race relations.
|9 42250
|
| 651 |
|
|
|a Bangladesh
|x Social life and customs
|9 42251
|
| 852 |
|
|
|a Ayesha Abed Library
|c BIED Collection
|
| 942 |
|
|
|2 ddc
|c BK
|
| 952 |
|
|
|0 0
|1 0
|2 ddc
|4 0
|6 306_089549200000000_HAN
|7 0
|9 69431
|a BRACUL
|b BRACUL
|c GEN
|d 2021-10-27
|e Complimentary copy from BIED
|l 2
|m 2
|o 306.0895492 HAN
|p 3010036317
|r 2025-07-03
|s 2025-06-27
|t 1
|w 2021-10-27
|y BK
|x Transferred from BIED to General Stacks
|